000 00938nam a22001457a 4500
020 _a978-0-689-86843-6
082 _a823
_bKEE/N
100 _aKEENE, CAROLYN
245 _aNANCY DREW - THE STOLEN RELIC
260 _aNEW YORK
_bALADDIN PAPERBACKS
_c2004
300 _a148
520 _aMy friends and I knew before we got to Arches National Park that it's full of red cliffs arches, and rock formations -- plenty of places for hiking, biking, and getting lost. It's a good thing there are park rangers and guides to help tourist like us find our way. Or at east that's what we thought, until of the guilds left for a second to investigate some noise, and never came back. It seems unlikely that a respected tour guide who knows the area like the back of her hand could just get lose. Something's fishy. And you can bet I'm going to get to the bottom of this before I find my way home.
650 _aDETECTIVE
_zUNITED STATES
942 _cBK
999 _c7865
_d7865